000 00629nam a2200169 i 4500
001 37516
003 ES-MaACL
005 20230906155606.0
007 t|
008 030113s1885 be ||||1| fre d
110 2 _aFabrique de Garnitures de Cardes et de Courroies de Ant. Fetu & Deliége.
_94060
245 1 0 _aAteliers de construction de machines-outils /
_cFabrique de Garnitures de Cardes & de Courroies de Ant. Fetu & Deliége áa Liege (Belgique).
260 _aLiége :
_b[s.n.],
_c1885.
300 _a15 p. :
_bil. ;
_c28 cm.
650 4 _aMáquinas para la madera-
_vCatálogos.
_9151543
852 _aES-MaACL
_jT-516-F-10
999 _c37516
_d37516